Histoire du Drapeau de l'Afrique du Sud - Statistiques

Statistiques générales
  • Ce quiz a été pris 92 fois
    16 depuis la dernière actualisation
  • Le résultat moyen est 5 sur 10
Statistiques - réponses
Hint Réponse % Correct
Union d'Afrique du Sud (1928-1994)
100%
Afrique du Sud (drapeau actuel depuis 1994)
100%
Le deuxième Red Ensign de l'union d'Afrique du Sud (1912-1928).
64%
Premier drapeau de la colonie néerlandaise du Cap (1652-1664)
43%
Deuxième drapeau de la colonie britannique du Cap (1801-1875)
43%
Deuxième drapeau de la colonie néerlandaise du Cap (1664-1795)
36%
État libre d'Orange (1854-1910)
36%
Le premier Red Ensign de l'union d'Afrique du Sud (1910-1912).
36%
Troisième drapeau de la colonie britannique du Cap (1875-1910)
36%
Premier drapeau de la colonie britannique du Cap (1795-1801)
36%
Aucun quiz correspondant
Distribution des résultats
% des personnes avec chaque résultat
Percentile par nombre de réponses
Votre historique - résultats
Vous n’avez pas pris ce quiz depuis la dernière actualisation